Ładuje się......

Economic growth

Opis bibliograficzny
1. autor: Barro, Robert J; Sala-i-Martin, Xavier
Format: Printed Book
Wydane: NewYork McGraw-Hill Book Co. Inc. 1995
Hasła przedmiotowe:
LEADER 00500nam a2200157 4500
082 |a 338.9 BAR-E 
100 |a Barro, Robert J; Sala-i-Martin, Xavier 
245 |a Economic growth 
250
260 |a NewYork  |b McGraw-Hill Book Co. Inc.  |c 1995 
300
490
650 |a Economic growth and development-- Economic Planning 
942 |c BK 
999 |c 233382  |d 233382 
952 |0 0  |1 0  |4 0  |6 338_900000000000000_BARE  |7 0  |9 247515  |a SDE  |b SDE  |d 2019-12-12  |l 0  |o 338.9 BAR-E  |p SDE12822  |r 2019-12-12  |w 2019-12-12  |y BK